Normal view
MARC view
- الحرب العالمية الثانية- 1939-1945- الشرق الاوسط- البلاد العربية- تاريخ- القرن العشرون
Entry Topical Term
001 - CONTROL NUMBER
- control field: 19291
003 - CONTROL NUMBER IDENTIFIER
- control field: JO-AjAnu
005 - DATE AND TIME OF LATEST TRANSACTION
- control field: 20230606073355.0
008 - FIXED-LENGTH DATA ELEMENTS
- fixed length control field: 230606|| aca||aabn | a|a d
040 ## - CATALOGING SOURCE
- Original cataloging agency: JO-AjAnu
- Transcribing agency: JO-AjAnu
150 ## - HEADING--TOPICAL TERM
- Topical term or geographic name entry element: الحرب العالمية الثانية- 1939-1945- الشرق الاوسط- البلاد العربية- تاريخ- القرن العشرون
670 ## - SOURCE DATA FOUND
- Source citation: Work cat.: (JO-AjAnu)9904: تاليف كيرك، جورج؛ ترجمة وتعليق التكريتي، سليم طه ، ترجمة وتعليق التكريتي، برهان عبد, author 19290, الشرق الاوسط في اعقاب الحرب العالمية الثانية: العراق، مصر، فلسطين، سوريا، السعودية، تركيا وايران، الجزء الأول